000 01717namaa2200421 i 4500
003 EG-GICUC
005 20260125140016.0
008 260125s2016 ua |||jr|||| 000 0 ara d
017 _a2015 / 7610
_bدار الكتب والوثائق القومية (مصر)
020 _a9789779202075
040 _aEG-GiCUC
_bara
_cEG-GiCUC
_dEG-GiCUC
_erda
041 1 _aara
_heng
043 _af------
082 0 4 _221
_a896
_bS7316
092 0 4 _221
_a896
_bS7316
099 _a896 S7316
100 1 _aشوينكا، وول
_eمؤلف.
240 1 _aMyth, literature, and the African world
_lArabic
245 1 2 _aالأسطورة والأدب والعالم الإفريقى /
_cتأليف وول شوينكا ؛ ترجمة نسيم مجلى، إيرين مجلى ؛ مراجعة محمد عنانى.
250 _aالطبعة الاولى
264 _aالقاهرة (مصر) :
_bالمركز القومى للترجمة،
_c2016.
300 _a173 صفحة ؛
_c24 سم
336 _2rdacontent
_atext
337 _2rdamedia
_aUnmediated
338 _2rdacarrier
_avolume
490 _aالمركز القومى للترجمة ؛
_v2530
500 _aالترجمة العربية لـ : Myth, literature, and the African world
504 _aيشتمل على ارجاعات ببليوجرافية.
541 _aد. جابر عصفور ؛
_bالقاهرة ؛
_cإهداء ؛
_d2024.
650 1 7 _aالادب الافريقى
_2qrmak
650 1 7 _aالاساطير الافريقية
_2qrmak
651 1 _2qrmak
700 1 _aمجلى، نسيم
_eمترجم.
700 1 _aمجلى، إيرين
_eمترجم.
700 1 _aعنانى، محمد
_eمراجع.
905 _aAya
942 _2ddc
_cBK
_e21
_n0
999 _c178013
_d178013